|
|
|
|
| LEADER |
01874nam a2200313 a 4500 |
| 001 |
007747859-2 |
| 008 |
090513s1987 ch ab b 100 0 eng d |
| 020 |
|
|
|a 9971847329 (pbk.)
|
| 040 |
|
|
|a SMI
|c SMI
|d BOH
|
| 082 |
0 |
4 |
|a 633.58072
|2 19
|
| 111 |
1 |
|
|a International Bamboo Workshop
|d (1985 :
|c Hangzhou, China)
|
| 245 |
1 |
0 |
|a Recent research on bamboos :
|b proceedings of the International Bamboo Workshop, October 6-14, 1985, Hangzhou, People's Republic of China /
|c organised jointly by Ministry of Forestry, Peoples Republic of China, International Development Research Centre, Canada, International Union of Forestry Research Organisations ; editors, A.N. Rao, G. Dhanarajan, C.B. Sastry.
|
| 260 |
|
|
|a [Hangzhou] :
|b Chinese Academy of Forestry, People's Republic of China ;
|a [Ottawa] :
|b International Development Research Centre, Canada,
|c c1987.
|
| 300 |
|
|
|a v,393 p. :
|b ill., maps ;
|c 26 cm.
|
| 504 |
|
|
|a Includes bibliographical references.
|
| 505 |
0 |
0 |
|a Bamboo resources and country reports -- Cultivation and production -- Growth and propagation -- Structure and properties -- Diseases -- Utilization -- Socio-economics -- Reports and sessions.
|
| 541 |
1 |
|
|e 00003126
|
| 650 |
|
0 |
|a Bamboo
|x Congresses.
|
| 650 |
|
0 |
|a Bamboo
|x Industrial applications
|x Congresses.
|
| 700 |
1 |
|
|a Rao, A. N.
|
| 700 |
1 |
|
|a Dhanarajan, G.
|
| 700 |
1 |
|
|a Sastry, C. B.
|
| 710 |
1 |
|
|a China.
|b Lin yeh pu.
|
| 710 |
2 |
|
|a International Development Research Centre (Canada)
|
| 710 |
2 |
|
|a International Union of Forestry Research Organizations.
|
| 710 |
2 |
|
|a International Network for Bamboo and Rattan.
|
| 852 |
4 |
|
|a <add your library>
|j <shelf mark>
|
| 999 |
|
|
|c 664
|d 664
|
| 952 |
|
|
|0 0
|1 0
|2 ddc
|4 0
|6 633_580720000000000_REC_1987
|7 0
|9 611
|a BRACUL
|b BRACUL
|c GEN
|d 2009-05-13
|g 0.00
|l 0
|o 633.58072 REC
|p 3010003126
|r 2009-05-13
|t 1
|w 2009-05-13
|y BK
|x No price found in the accession register.
|